00530nam a2200181Ia 4500008004100000020001800041040001900059041001200078082003700090245006400127260003500191300002700226504004000253650000900293651001900302700001700321850001000338131103s9999 xx 000 0 und d aSBN 436098652 aLoreto College aEnglish a791.4/NEW/791.4/GRAbLCLIB/17986 4aThe new waveb critical landmark cselected by Peter Graham aLondonbSecker & Warburgc1968 a184 p.b ill.c 19 cm. aIncludes bibliographical references aFilm aMotion Picture aGraham,Peter aLCLIB